000
00282nam a2200109Ia 4500
008
200302s9999 xx 000 0 und d
100
_a
Wayne Kalyn
245
_a
Guy Spaces : A Guide To Defining A Mans Personal Space
260
_b
Creaticne Homeawner
260
_c
2008
300
_a
207
999
_c
4692
_d
4692